| 000 | 00675nam a22001937a 4500 | ||
|---|---|---|---|
| 005 | 20260317164046.0 | ||
| 008 | 260317b |||||||| |||| 00| 0 eng d | ||
| 020 | _a9780199475070 | ||
| 040 | _cVITAP | ||
| 082 |
_223rd Ed. _a170 SUB |
||
| 100 |
_aSubramanian, R. _917286 |
||
| 245 |
_aProfessional Ethics : Includes Human Values _c/ R. Subramanian |
||
| 250 | _a2nd Ed. | ||
| 260 |
_aNew Delhi _bOxford University Press _c2017 |
||
| 300 | _axii, 457p. : ill. ; 24cm | ||
| 500 | _aIt includes Index Pages. | ||
| 650 | 0 |
_aProfessional ethics; Ethics; Ethics in engineering; Engineering ethics; Engineering profession - Moral and ethical aspects _917287 |
|
| 942 |
_2ddc _cREF |
||
| 999 |
_c47361 _d47361 |
||